संतांचे समरसता सूत्रे (Record no. 370016)

MARC details
000 -LEADER
fixed length control field 00481nam a2200157Ia 4500
005 - DATE AND TIME OF LATEST TRANSACTION
control field 20260121165314.0
008 - FIXED-LENGTH DATA ELEMENTS--GENERAL INFORMATION
fixed length control field 260121s9999 xx 000 0 und d
041 ## - LANGUAGE CODE
Language code of text/sound track or separate title mar
082 ## - DEWEY DECIMAL CLASSIFICATION NUMBER
Classification number 294.5
100 ## - MAIN ENTRY--PERSONAL NAME
Personal name जेवणे, दीपक
245 ## - TITLE STATEMENT
Title संतांचे समरसता सूत्रे
250 ## - EDITION STATEMENT
Edition statement 1
260 ## - PUBLICATION, DISTRIBUTION, ETC. (IMPRINT)
Name of publisher, distributor, etc. भारतीय विचार साधना पुणे
Date of publication, distribution, etc. 2017
300 ## - PHYSICAL DESCRIPTION
Extent 120
650 ## - SUBJECT ADDED ENTRY--TOPICAL TERM
Topical term or geographic name as entry element मराठी साहित्य
Holdings
Withdrawn status Lost status Damaged status Not for loan Home library Current library Date acquired Vendor Bill number Total Checkouts Full call number Barcode Date last seen Bill Date Koha item type Original Barcode
        Manilal Nanavati Vocational Training Institute Pune Manilal Nanavati Vocational Training Institute Pune 25/04/2025 BVS Ho/IN/603   294.5/JEV/B2223 MNVT-BK-2223 21/01/2026 18/03/2025 Books B2223